| Tag |
First Indicator |
Second Indicator |
Subfields |
| LEADER |
00000pam a2200000 i 4500 |
| 001 |
in00000672921 |
| 005 |
20151015084556.0 |
| 008 |
791031s1980 nyua b 00110 eng |
| 010 |
|
|
|a 79024366
|
| 020 |
|
|
|a 0070063591 :
|c $21.50
|
| 035 |
|
|
|a (OCoLC)05706915
|
| 035 |
|
|
|9 ACY1972AM
|
| 040 |
|
|
|a DLC
|c DLC
|d TXA
|d UtOrBLW
|
| 049 |
|
|
|a TXAM
|c [1270048]
|
| 050 |
0 |
0 |
|a T55.3.E96
|b B6
|
| 082 |
0 |
|
|a 604/.7
|
| 100 |
1 |
|
|a Bodurtha, Frank T.
|
| 245 |
1 |
0 |
|a Industrial explosion prevention and protection /
|c Frank T. Bodurtha.
|
| 264 |
|
1 |
|a New York :
|b McGraw-Hill,
|c [1980]
|
| 264 |
|
4 |
|c ©1980
|
| 300 |
|
|
|a xix, 167 pages :
|b illustrations ;
|c 24 cm.
|
| 336 |
|
|
|a text
|b txt
|2 rdacontent
|
| 337 |
|
|
|a unmediated
|b n
|2 rdamedia
|
| 338 |
|
|
|a volume
|b nc
|2 rdacarrier
|
| 504 |
|
|
|a Includes bibliographical references and index.
|
| 650 |
|
0 |
|a Explosions
|x Safety measures.
|
| 999 |
|
|
|a MARS
|
| 999 |
f |
f |
|s f1bb9ad1-e856-357b-abb3-a8289f12252f
|i 8a0effe1-16c5-390b-903c-bfe8ab66908d
|t 0
|
| 952 |
f |
f |
|p ric
|a Texas A&M University
|b Rellis Campus
|c Joint Library Facility
|d Remote Storage
|t 0
|e T55.3.E96 B6
|h Library of Congress classification
|i unmediated -- volume
|m A14805263634
|
| 998 |
f |
f |
|a T55.3.E96 B6
|t 0
|l Remote Storage
|